[Event "Madrid San Viator op 23rd"]
[Site "Madrid"]
[Date "2014.10.05"]
[Round "2"]
[White "Del Noval Nemeshazi, Nesztor"]
[Black "Fernandez Santos, Nicolas"]
[Result "1-0"]
[WhiteElo "1686"]
[BlackElo "1430"]
[PlyCount "39"]
[EventDate "2014.09.28"]
[EventType "swiss"]
[EventRounds "9"]
[EventCountry "ESP"]
[SourceTitle "EXT 2016"]
[Source "ChessBase"]
[SourceDate "2015.10.08"]
[SourceVersion "1"]
[SourceVersionDate "2015.10.08"]
[SourceQuality "1"]

1. e4 e5 2. Nf3 Nc6 3. Bc4 Bc5 4. c3 d6 5. d4 exd4 6. cxd4 Bb4+ 7. Bd2 Bxd2+ 8. Nbxd2 Bg4 9. Qb3 Qe7 10. Qxb7 Rd8 11. Qxc6+ Kf8 12. 0-0 Nf6 13. Rfe1 h5 14. e5 Bd7 15. Qxc7 d5 16. exf6 Qxf6 17. Bxd5 g5 18. Ne4 Qb6 19. Qxb6 axb6 20. Nexg5 1-0